South of the border: progress and problems in implementing new public management reform in Mexico today (Record no. 47324)

000 -LEADER
fixed length control field 01147pab a2200169 454500
008 - FIXED-LENGTH DATA ELEMENTS--GENERAL INFORMATION
fixed length control field 180718b2000 xxu||||| |||| 00| 0 eng d
100 ## - MAIN ENTRY--PERSONAL NAME
Personal name Klingner, Donald E.
245 ## - TITLE STATEMENT
Title South of the border: progress and problems in implementing new public management reform in Mexico today
260 ## - PUBLICATION, DISTRIBUTION, ETC.
Date of publication, distribution, etc. 2000
300 ## - PHYSICAL DESCRIPTION
Extent p.365-73
362 ## - DATES OF PUBLICATION AND/OR SEQUENTIAL DESIGNATION
Dates of publication and/or sequential designation Dec
520 ## - SUMMARY, ETC.
Summary, etc. This symposium assesses Mexico's recent experiments with implementing new public management (NPM) reforms. The introduction describes Mexico's characteristics, summarizes the history of NPM implementation there, and explores its underlying political and administrative rationale. Next, it introduces the three Mexican contributors and summarizes their respective presentations. Finally, it predicts the eventual outcome of NPM implementation in Mexico based on the critical issues that affect Mexican development, indicators for assessing progress, and the key role of public administration in the Mexican reform process. - Reproduced
650 ## - SUBJECT ADDED ENTRY--TOPICAL TERM
Topical term or geographic name entry element Administrative reform - Mexico
650 ## - SUBJECT ADDED ENTRY--TOPICAL TERM
Topical term or geographic name entry element Administrative reform
773 ## - HOST ITEM ENTRY
Main entry heading American Review of Public Administration
909 ## -
-- 47324
Holdings
Withdrawn status Lost status Damaged status Not for loan Permanent Location Current Location Date acquired Serial Enumeration / chronology Barcode Date last seen Price effective from Koha item type
        Indian Institute of Public Administration Indian Institute of Public Administration 2018-07-19 Volume no: 30, Issue no: 4 AR47752 2018-07-19 2018-07-19 Articles

Powered by Koha